Principles and procedures of statistics : (Record no. 34051)

MARC details
000 -LEADER
fixed length control field 00883pam a2200277 i 4500
001 - CONTROL NUMBER
control field 3227207
003 - CONTROL NUMBER IDENTIFIER
control field OSt
005 - DATE AND TIME OF LATEST TRANSACTION
control field 20220331131029.0
008 - FIXED-LENGTH DATA ELEMENTS--GENERAL INFORMATION
fixed length control field 790917s1980 nyua 001 0 eng
010 ## - LIBRARY OF CONGRESS CONTROL NUMBER
LC control number 79022236
020 ## - INTERNATIONAL STANDARD BOOK NUMBER
International Standard Book Number 0070609268
040 ## - CATALOGING SOURCE
Original cataloging agency DLC
Transcribing agency HU
Modifying agency DLC
050 00 - LIBRARY OF CONGRESS CALL NUMBER
Classification number QA276
Item number .S82 1980
082 00 - DEWEY DECIMAL CLASSIFICATION NUMBER
Classification number 519.5
100 1# - MAIN ENTRY--PERSONAL NAME
Personal name Steel, Robert George Douglas,
Dates associated with a name 1917-
9 (RLIN) 34822
245 10 - TITLE STATEMENT
Title Principles and procedures of statistics :
Remainder of title a biometrical approach /
Statement of responsibility, etc. Robert G. D. Steel, James H. Torrie.
250 ## - EDITION STATEMENT
Edition statement 2d ed.
260 ## - PUBLICATION, DISTRIBUTION, ETC.
Place of publication, distribution, etc. New York :
Name of publisher, distributor, etc. McGraw-Hill,
Date of publication, distribution, etc. c1980.
300 ## - PHYSICAL DESCRIPTION
Extent xxi, 633 p. :
Other physical details ill. ;
Dimensions 24 cm.
500 ## - GENERAL NOTE
General note Includes index.
650 #0 - SUBJECT ADDED ENTRY--TOPICAL TERM
Topical term or geographic name entry element Mathematical statistics.
9 (RLIN) 3113
650 #0 - SUBJECT ADDED ENTRY--TOPICAL TERM
Topical term or geographic name entry element Biomathematics.
9 (RLIN) 2005
700 1# - ADDED ENTRY--PERSONAL NAME
Personal name Torrie, James Hiram,
Dates associated with a name 1908-
Relator term joint author.
9 (RLIN) 34823
906 ## - LOCAL DATA ELEMENT F, LDF (RLIN)
a 7
b cbc
c orignew
d 1
e ocip
f 19
g y-gencatlg
942 ## - ADDED ENTRY ELEMENTS (KOHA)
Source of classification or shelving scheme Dewey Decimal Classification
Koha item type Books like text book referance book
Suppress in OPAC No
Holdings
Withdrawn status Lost status Source of classification or shelving scheme Damaged status Not for loan Collection code Home library Current library Shelving location Date acquired Total Checkouts Full call number Barcode Date last seen Copy number Price effective from Koha item type
    Dewey Decimal Classification     Reference Wondo Genet Library Wondo Genet Library General Stacks 03/31/2022   519.5 STE WGCFNRL00015328 03/31/2022 1 03/31/2022 Books like text book referance book